[Event "GER-chT North U16"]
[Site "Greifswald"]
[Date "2013.09.14"]
[Round "6.1"]
[White "Marach, Jonas"]
[Black "Worpenberg, Lukas"]
[Result "0-1"]
[WhiteElo "1641"]
[BlackElo "1802"]
[PlyCount "36"]
[EventDate "2013.09.12"]
[EventType "team-swiss"]
[EventRounds "7"]
[EventCountry "GER"]
[SourceTitle "EXT 2014"]
[Source "ChessBase"]
[SourceDate "2013.11.20"]
[SourceVersion "1"]
[SourceVersionDate "2013.11.20"]
[SourceQuality "1"]
[WhiteTeam "Bremen Ost"]
[BlackTeam "Hagen"]
[WhiteTeamCountry "GER"]
[BlackTeamCountry "GER"]

1. c4 e5 2. Nc3 Nc6 3. Nf3 d6 4. g3 f5 5. Bg2 Nf6 6. d4 e4 7. Ng5 h6 8. Ngxe4 fxe4 9. Nxe4 Bf5 10. Nxf6+ Qxf6 11. e4 Bd7 12. Be3 0-0-0 13. a3 g5 14. b4 Bg7 15. e5 dxe5 16. Bxc6 Qxc6 17. d5 Qxc4 18. d6 Bc6 0-1

[Event "Niedersachsen-ch op-C"]
[Site "Verden"]
[Date "2013.01.06"]
[Round "7"]
[White "Steffens, Oliver"]
[Black "Marach, Jonas"]
[Result "1/2-1/2"]
[WhiteElo "1324"]
[BlackElo "1592"]
[PlyCount "28"]
[EventDate "2013.01.03"]
[EventType "swiss"]
[EventRounds "7"]
[EventCountry "GER"]
[SourceTitle "EXT 2021"]
[Source "ChessBase"]
[SourceDate "2020.10.23"]
[SourceVersion "1"]
[SourceVersionDate "2020.10.23"]
[SourceQuality "1"]

1. e4 d6 2. d4 g6 3. Nf3 Nf6 4. Nc3 Bg7 5. Be2 0-0 6. 0-0 e5 7. dxe5 dxe5 8. Qxd8 Rxd8 9. Nxe5 Nxe4 10. Nxe4 Bxe5 11. c3 Nc6 12. Be3 Bf5 13. Bf3 Rab8 14. Nc5 Na5 1/2-1/2

[Event "Niedersachsen-ch op-C"]
[Site "Verden"]
[Date "2013.01.05"]
[Round "5"]
[White "Kienel, Michael"]
[Black "Marach, Jonas"]
[Result "1/2-1/2"]
[WhiteElo "1456"]
[BlackElo "1592"]
[PlyCount "50"]
[EventDate "2013.01.03"]
[EventType "swiss"]
[EventRounds "7"]
[EventCountry "GER"]
[SourceTitle "EXT 2021"]
[Source "ChessBase"]
[SourceDate "2020.10.23"]
[SourceVersion "1"]
[SourceVersionDate "2020.10.23"]
[SourceQuality "1"]

1. e4 d6 2. d4 g6 3. Nf3 Nf6 4. Nc3 Bg7 5. Be2 0-0 6. h3 e5 7. d5 c6 8. Bg5 h6 9. Be3 Qa5 10. 0-0 cxd5 11. exd5 a6 12. a3 b5 13. Nd2 Bb7 14. Nde4 Nxe4 15. Nxe4 Qc7 16. f4 f5 17. Nc3 e4 18. Bd4 Bxd4+ 19. Qxd4 Qc5 20. Rad1 Nd7 21. g4 Nf6 22. Kh2 Qxd4 23. Rxd4 Kh7 24. Rg1 Rg8 25. h4 h5 1/2-1/2

[Event "Niedersachsen-ch op"]
[Site "Verden"]
[Date "2011.01.02"]
[Round "1"]
[White "Kerski, Bjoern Ole"]
[Black "Marach, Jonas"]
[Result "1-0"]
[WhiteElo "1944"]
[BlackElo "1386"]
[PlyCount "77"]
[EventDate "2011.01.02"]
[EventType "swiss"]
[EventRounds "7"]
[EventCountry "GER"]
[SourceTitle "EXT 2018"]
[Source "ChessBase"]
[SourceDate "2017.10.13"]
[SourceVersion "1"]
[SourceVersionDate "2017.10.13"]
[SourceQuality "1"]

1. d4 d5 2. c4 e6 3. Nc3 c5 4. cxd5 exd5 5. Nf3 Nc6 6. g3 Be6 7. Bg2 Nf6 8. 0-0 Be7 9. Bf4 0-0 10. dxc5 Bxc5 11. Ne5 Nxe5 12. Bxe5 Ng4 13. Bd4 Qd6 14. Rc1 Bxd4 15. Qxd4 Rfd8 16. Rfd1 Rac8 17. Nxd5 Rxc1 18. Rxc1 Bxd5 19. Bxd5 Nf6 20. e4 h6 21. Rd1 Qb6 22. Bxf7+ Kxf7 23. Qxd8 Qxb2 24. Qc7+ Kg6 25. Qf4 Qxa2 26. Qf5+ Kf7 27. e5 Qa4 28. Rb1 Qe4 29. Qxe4 Nxe4 30. Rxb7+ Ke6 31. f4 Kf5 32. Rxg7 a6 33. Rf7+ Kg4 34. Kg2 Nc5 35. Rf6 a5 36. Rc6 Nb7 37. Rxh6 a4 38. Ra6 Nc5 39. Ra5 1-0

[Event "Niedersachsen-ch open"]
[Site "Verden"]
[Date "2010.01.06"]
[Round "7.46"]
[White "Marach, Jonas"]
[Black "Kessens, Felix Magnus"]
[Result "1/2-1/2"]
[WhiteElo "1400"]
[BlackElo "1782"]
[PlyCount "93"]
[EventDate "2010.01.03"]
[EventType "swiss"]
[EventRounds "7"]
[EventCountry "GER"]
[SourceTitle "EXT 2012"]
[Source "ChessBase"]
[SourceDate "2011.11.24"]
[SourceVersion "1"]
[SourceVersionDate "2011.11.24"]
[SourceQuality "1"]

1. e4 e6 2. d4 d5 3. e5 c5 4. c3 Nc6 5. Nf3 Nge7 6. Bg5 Qb6 7. Qd2 cxd4 8. cxd4 Nf5 9. Be3 Bd7 10. Bd3 Nxe3 11. fxe3 Nb4 12. Be2 Be7 13. Nc3 0-0 14. 0-0 Rac8 15. a3 Nc6 16. Na4 Qa5 17. Qxa5 Nxa5 18. Nc3 Nc4 19. Bxc4 Rxc4 20. Nd2 Rc7 21. e4 Bg5 22. Nf3 Be3+ 23. Kh1 dxe4 24. Nxe4 Bc6 25. Ned2 Bxf3 26. Nxf3 Rfc8 27. Rfe1 Bf2 28. Rf1 Rc2 29. b3 h6 30. Rfd1 Rb2 31. Rab1 Rcc2 32. b4 Ra2 33. Ra1 g5 34. g4 Kg7 35. Rf1 Be3 36. Rfe1 Bf4 37. Red1 Kg6 38. Rf1 h5 39. h3 h4 40. Nxh4+ Kg7 41. Nf3 Kf8 42. Kg1 Ke7 43. Kh1 Rab2 44. Rab1 Rxb1 45. Rxb1 Ra2 46. Rb3 Kd7 47. Rc3 1/2-1/2

[Event "Niedersachsen-ch open"]
[Site "Verden"]
[Date "2010.01.05"]
[Round "5.56"]
[White "Schwenteck, Peter"]
[Black "Marach, Jonas"]
[Result "1/2-1/2"]
[WhiteElo "1759"]
[BlackElo "1400"]
[PlyCount "76"]
[EventDate "2010.01.03"]
[EventType "swiss"]
[EventRounds "7"]
[EventCountry "GER"]
[SourceTitle "EXT 2012"]
[Source "ChessBase"]
[SourceDate "2011.11.24"]
[SourceVersion "1"]
[SourceVersionDate "2011.11.24"]
[SourceQuality "1"]

1. d4 d5 2. Nf3 Nf6 3. e3 a6 4. Bd3 Bg4 5. Nbd2 e6 6. c4 c5 7. Qb3 Qc7 8. Ne5 Bd6 9. f4 Nc6 10. cxd5 Nxd5 11. Nxg4 cxd4 12. Ne4 Bb4+ 13. Bd2 f5 14. Bxb4 Ncxb4 15. 0-0 0-0 16. Ng5 Qb6 17. e4 Nxd3 18. Qxd3 Nb4 19. Qb3 fxg4 20. a3 Nd5 21. Qxb6 Nxb6 22. Nxe6 Rf6 23. Nxd4 Raf8 24. g3 Nc4 25. e5 R6f7 26. Rf2 Nxe5 27. Ne6 Nd3 28. Rd2 Re8 29. Ng5 Rf5 30. Rad1 h6 31. Rxd3 hxg5 32. fxg5 Rxg5 33. Rd7 b5 34. R7d6 Re2 35. R1d2 Rge5 36. Kf1 Re1+ 37. Kf2 Rh1 38. Kg2 Ree1 1/2-1/2

[Event "Niedersachsen-ch open"]
[Site "Verden"]
[Date "2010.01.03"]
[Round "2.65"]
[White "Guenther, Alexander"]
[Black "Marach, Jonas"]
[Result "1-0"]
[WhiteElo "1114"]
[BlackElo "1400"]
[PlyCount "27"]
[EventDate "2010.01.03"]
[EventType "swiss"]
[EventRounds "7"]
[EventCountry "GER"]
[SourceTitle "EXT 2012"]
[Source "ChessBase"]
[SourceDate "2011.11.24"]
[SourceVersion "1"]
[SourceVersionDate "2011.11.24"]
[SourceQuality "1"]

1. e4 e5 2. f4 exf4 3. Nf3 Nc6 4. Bc4 Nf6 5. e5 Ng4 6. d4 d6 7. 0-0 dxe5 8. h3 Ne3 9. Bxe3 fxe3 10. Bxf7+ Kxf7 11. Nxe5+ Kg8 12. c3 Nxe5 13. Qb3+ Nf7 14. Qxf7# 1-0

[Event "Niedersachsen-ch op"]
[Site "Verden"]
[Date "2009.01.06"]
[Round "7"]
[White "Marach, Jonas"]
[Black "Hentrop, Malte"]
[Result "1/2-1/2"]
[WhiteElo "1169"]
[BlackElo "1537"]
[PlyCount "86"]
[EventDate "2009.01.03"]
[EventType "swiss"]
[EventRounds "7"]
[EventCountry "GER"]
[SourceTitle "EXT 2012"]
[Source "ChessBase"]
[SourceDate "2011.11.24"]
[SourceVersion "1"]
[SourceVersionDate "2011.11.24"]
[SourceQuality "1"]

1. e4 e5 2. Nf3 Nc6 3. Bc4 Bc5 4. c3 Nf6 5. d4 exd4 6. cxd4 Bb4+ 7. Bd2 Bxd2+ 8. Nbxd2 d5 9. exd5 Nxd5 10. 0-0 0-0 11. Qb3 Be6 12. Qxb7 Na5 13. Qb5 Nxc4 14. Nxc4 Qf6 15. Nce5 Rab8 16. Qe2 g5 17. Rab1 Nf4 18. Qe3 Bxa2 19. g3 Nd5 20. Nd7 Qd8 21. Qxg5+ Qxg5 22. Nxg5 Bxb1 23. Nxb8 Rxb8 24. Rxb1 Kg7 25. Ne4 Rb4 26. f3 Rxd4 27. Re1 Rb4 28. Re2 Nf6 29. Nc5 Rb5 30. Na6 Nd5 31. Rc2 Rb7 32. Rc5 Rb6 33. Nxc7 Nxc7 34. Rxc7 Rxb2 35. Rxa7 Kg6 36. Ra6+ Kg7 37. Ra1 f5 38. Rf1 Re2 39. Rf2 Re7 40. Kg2 h5 41. Rd2 Re6 42. Rd7+ Kg6 43. Rd2 Kh6 1/2-1/2

[Event "Niedersachsen-ch op"]
[Site "Verden"]
[Date "2009.01.05"]
[Round "6"]
[White "Grigorian, Spartak"]
[Black "Marach, Jonas"]
[Result "1-0"]
[WhiteElo "1776"]
[BlackElo "1169"]
[PlyCount "61"]
[EventDate "2009.01.03"]
[EventType "swiss"]
[EventRounds "7"]
[EventCountry "GER"]
[SourceTitle "EXT 2012"]
[Source "ChessBase"]
[SourceDate "2011.11.24"]
[SourceVersion "1"]
[SourceVersionDate "2011.11.24"]
[SourceQuality "1"]

1. Nf3 Nc6 2. c4 e5 3. Nc3 Nf6 4. d3 Bb4 5. a3 Bxc3+ 6. bxc3 d6 7. e4 Bg4 8. Be2 0-0 9. 0-0 h6 10. Rb1 Rb8 11. Be3 Qd7 12. Qd2 Kh7 13. Nh4 Bxe2 14. Qxe2 Qg4 15. Nf3 Nh5 16. Ng5+ Qxg5 17. Bxg5 hxg5 18. Qxh5+ Kg8 19. Qxg5 Nd8 20. Rfe1 Ne6 21. Qh4 Nf4 22. Re3 Ng6 23. Qg5 Rfe8 24. Rg3 Kf8 25. h4 Re6 26. h5 Ke8 27. hxg6 Rxg6 28. Qf5 Rxg3 29. fxg3 Ke7 30. d4 f6 31. d5 1-0

[Event "Niedersachsen-ch op"]
[Site "Verden"]
[Date "2009.01.04"]
[Round "3"]
[White "Marach, Jonas"]
[Black "Guede, Klaus"]
[Result "0-1"]
[WhiteElo "1169"]
[BlackElo "1738"]
[PlyCount "78"]
[EventDate "2009.01.03"]
[EventType "swiss"]
[EventRounds "7"]
[EventCountry "GER"]
[SourceTitle "EXT 2012"]
[Source "ChessBase"]
[SourceDate "2011.11.24"]
[SourceVersion "1"]
[SourceVersionDate "2011.11.24"]
[SourceQuality "1"]

1. e4 Nf6 2. Nc3 d5 3. exd5 Nxd5 4. Nxd5 Qxd5 5. Nf3 Bg4 6. Be2 Nd7 7. 0-0 e6 8. d4 Be7 9. Bf4 0-0-0 10. Ne5 Nxe5 11. Bxe5 Bxe2 12. Qxe2 Bf6 13. c3 Bxe5 14. Qxe5 Qxe5 15. dxe5 Rd2 16. b3 Rhd8 17. c4 Rb2 18. Rfb1 Re2 19. Re1 Rdd2 20. Rxe2 Rxe2 21. f4 Rd2 22. Kf1 Kd7 23. Kg1 Kc6 24. g3 Kc5 25. h3 Kd4 26. a3 Rd3 27. Kf2 Rxb3 28. Rd1+ Rd3 29. Rb1 b6 30. c5 Rxa3 31. Rd1+ Rd3 32. Ra1 a5 33. cxb6 cxb6 34. Rb1 Kc5 35. Rc1+ Kb4 36. Rc7 a4 37. Rxf7 a3 38. Rxg7 a2 39. Ra7 Ra3 0-1

[Event "GER-ch U10"]
[Site "Willingen"]
[Date "2008.05.11"]
[Round "10"]
[White "Hamacher, Emily"]
[Black "Marach, Jonas"]
[Result "1-0"]
[WhiteElo "847"]
[BlackElo "1000"]
[PlyCount "83"]
[EventDate "2008.05.11"]
[EventType "swiss"]
[EventRounds "11"]
[EventCountry "GER"]
[SourceTitle "CBM 124 Extra"]
[Source "ChessBase"]
[SourceDate "2008.07.03"]
[SourceVersion "1"]
[SourceVersionDate "2008.07.03"]
[SourceQuality "1"]

1. e4 e5 2. Nc3 Nf6 3. f4 d6 4. Nf3 Nc6 5. Bc4 Be7 6. h3 Be6 7. d3 Bxc4 8. dxc4 Qd7 9. 0-0 Qe6 10. Nd5 Qd7 11. Ng5 h6 12. Nf3 Nxe4 13. Qd3 Nc5 14. Qe3 0-0-0 15. b4 Ne6 16. f5 Ned4 17. b5 Nxf3+ 18. Rxf3 Nd4 19. Rf1 b6 20. Qe4 Kb8 21. c3 c6 22. Ne3 Ne2+ 23. Kf2 Nxc3 24. Qc2 d5 25. bxc6 Qxc6 26. cxd5 Qc8 27. Bd2 Nb5 28. Qb3 Nd4 29. Qb2 Nxf5 30. Qxe5+ Rd6 31. Nxf5 Qc5+ 32. Be3 Qc2+ 33. Kg1 f6 34. Qxe7 Rdd8 35. Rfc1 Qxf5 36. Qc7+ Ka8 37. a4 Rc8 38. Qxg7 Rhg8 39. Rxc8+ Qxc8 40. Qxf6 Qxh3 41. Qc6+ Kb8 42. Bf4# 1-0

[Event "GER-ch U10"]
[Site "Willingen"]
[Date "2008.05.11"]
[Round "2"]
[White "Manusina, Nicole"]
[Black "Marach, Jonas"]
[Result "1-0"]
[WhiteElo "1601"]
[BlackElo "1000"]
[PlyCount "213"]
[EventDate "2008.05.11"]
[EventType "swiss"]
[EventRounds "11"]
[EventCountry "GER"]
[SourceTitle "CBM 124 Extra"]
[Source "ChessBase"]
[SourceDate "2008.07.03"]
[SourceVersion "1"]
[SourceVersionDate "2008.07.03"]
[SourceQuality "1"]

1. d4 d5 2. c4 e6 3. Nc3 Nf6 4. Bg5 Nbd7 5. e3 c6 6. Nf3 Be7 7. Rc1 0-0 8. cxd5 exd5 9. Bd3 Ne4 10. Bxe7 Qxe7 11. 0-0 Re8 12. Qc2 Nb6 13. b3 Bg4 14. Ne5 Nxc3 15. Qxc3 Bh5 16. Bb1 Qg5 17. f4 Qe7 18. Qd3 Bg6 19. f5 f6 20. fxg6 fxe5 21. Rf7 e4 22. Qf1 Qe6 23. gxh7+ Kxh7 24. Rxb7 Rf8 25. Qe2 Qh6 26. Re1 Rf6 27. h3 Rg6 28. Kh2 Qh4 29. Rf1 Qg3+ 30. Kh1 Qd6 31. Rbf7 Kg8 32. Bc2 Qa3 33. Bd1 Rd8 34. Qf2 Nd7 35. Rf4 Nf6 36. Rh4 Qe7 37. Rf4 Rf8 38. Qc2 Qd6 39. Qc5 Qxc5 40. dxc5 a5 41. Be2 Ra8 42. Rf5 Nd7 43. Rc1 a4 44. b4 a3 45. b5 Ra5 46. b6 Rxc5 47. Rxc5 Nxc5 48. g4 Nb7 49. Ba6 Nc5 50. Bc8 Rd6 51. Rf1 Rd8 52. b7 Na6 53. Rb1 Nb8 54. Rb3 c5 55. Rb5 d4 56. Rxc5 dxe3 57. Be6+ Kh7 58. Rc1 e2 59. Bb3 Kh6 60. Kg2 Rd2 61. Re1 Kg5 62. Kf2 Kh4 63. Rxe2 Rxe2+ 64. Kxe2 Kxh3 65. Be6 Kg2 66. Ke3 Kf1 67. Kxe4 Ke2 68. Kf5 Kf3 69. g5 Ke3 70. Kg6 Kf4 71. Kxg7 Kxg5 72. Kf7 Kf4 73. Ke7 Ke5 74. Bb3 Kd4 75. Kd8 Kc5 76. Kc7 Na6+ 77. Kc8 Kb6 78. b8Q+ Nxb8 79. Kxb8 Ka5 80. Kc7 Kb5 81. Kb7 Ka5 82. Kc6 Ka6 83. Kc5 Ka5 84. Bc2 Ka6 85. Kb4 Kb6 86. Kxa3 Ka5 87. Kb3 Kb5 88. a4+ Ka5 89. Bd3 Kb6 90. Kb4 Ka7 91. a5 Kb7 92. Kb5 Ka7 93. Be4 Kb8 94. Kb6 Kc8 95. a6 Kd7 96. a7 Ke6 97. a8Q Ke5 98. Qd5+ Kf4 99. Kc5 Ke3 100. Bh7 Kf4 101. Kd4 Kg3 102. Qf5 Kg2 103. Qf4 Kg1 104. Qf3 Kh2 105. Ke3 Kg1 106. Qf2+ Kh1 107. Be4# 1-0

[Event "GER-ch U10"]
[Site "Willingen"]
[Date "2008.05.11"]
[Round "5"]
[White "Marach, Jonas"]
[Black "Schramm, Anna Lena"]
[Result "1-0"]
[WhiteElo "1000"]
[BlackElo "780"]
[PlyCount "75"]
[EventDate "2008.05.11"]
[EventType "swiss"]
[EventRounds "11"]
[EventCountry "GER"]
[SourceTitle "CBM 124 Extra"]
[Source "ChessBase"]
[SourceDate "2008.07.03"]
[SourceVersion "1"]
[SourceVersionDate "2008.07.03"]
[SourceQuality "1"]

1. e4 d5 2. exd5 Qxd5 3. Nc3 Qa5 4. d4 e5 5. dxe5 Bc5 6. Bd2 Qb6 7. Qe2 Ne7 8. Qb5+ Qxb5 9. Bxb5+ c6 10. Ba4 0-0 11. Nf3 h6 12. Ne4 Bb6 13. Bb4 Bd8 14. 0-0-0 b5 15. Nd6 bxa4 16. Nxc8 Bb6 17. Nxb6 axb6 18. Bxe7 Rc8 19. Rd8+ Rxd8 20. Bxd8 Na6 21. Bxb6 Rb8 22. Ba5 f6 23. exf6 gxf6 24. Rd1 Kg7 25. Rd7+ Kg6 26. Rd6 Rb5 27. Bc3 Kh5 28. Rxc6 Nb8 29. Rxf6 Nd7 30. Rd6 Nf8 31. Rd8 Ne6 32. Re8 Nc7 33. Re5+ Rxe5 34. Bxe5 Ne6 35. c4 Kg6 36. Nd4 Nc5 37. Kc2 Kf7 38. Bd6 1-0

[Event "GER-ch U10"]
[Site "Willingen"]
[Date "2008.05.11"]
[Round "7"]
[White "Marach, Jonas"]
[Black "Schroeder, Janina"]
[Result "1-0"]
[WhiteElo "1000"]
[BlackElo "738"]
[PlyCount "127"]
[EventDate "2008.05.11"]
[EventType "swiss"]
[EventRounds "11"]
[EventCountry "GER"]
[SourceTitle "CBM 124 Extra"]
[Source "ChessBase"]
[SourceDate "2008.07.03"]
[SourceVersion "1"]
[SourceVersionDate "2008.07.03"]
[SourceQuality "1"]

1. e4 e5 2. Nf3 Nc6 3. Bc4 Bc5 4. c3 Nf6 5. d4 exd4 6. cxd4 Bb4+ 7. Bd2 Bxd2+ 8. Nbxd2 d5 9. exd5 Nxd5 10. Qb3 Na5 11. Qa4+ Nc6 12. Bb5 Bd7 13. 0-0 0-0 14. Rfe1 a6 15. Bd3 b5 16. Qc2 Ncb4 17. Bxh7+ Kh8 18. Qe4 Nf6 19. Qe7 Nxh7 20. Qxb4 a5 21. Qc5 c6 22. Re7 Be6 23. h3 Re8 24. Rxe8+ Qxe8 25. Re1 Qd8 26. Ne5 Qg5 27. Qxc6 Rg8 28. Qxe6 Rf8 29. Nxf7+ Rxf7 30. Qxf7 Nf6 31. Nf3 Qh6 32. Re5 Qc1+ 33. Kh2 Qf4+ 34. g3 Qxf3 35. Re8+ Kh7 36. Kg1 Qd1+ 37. Kg2 Qxd4 38. Re7 Qd5+ 39. Qxd5 Nxd5 40. Re5 Nc7 41. a4 bxa4 42. Rxa5 Ne6 43. Rxa4 Nc5 44. Rh4+ Kg8 45. b4 Nb7 46. Rd4 Kf8 47. f4 Ke7 48. g4 Kf6 49. h4 g6 50. Kf3 Ke6 51. Ke4 Nd6+ 52. Rxd6+ Kxd6 53. h5 gxh5 54. gxh5 Ke7 55. b5 Kd7 56. h6 Kd6 57. h7 Kc5 58. h8Q Kxb5 59. Qc8 Kb4 60. Kd4 Kb3 61. Qc3+ Ka4 62. Qb2 Ka5 63. Kc5 Ka6 64. Qb6# 1-0